Ecocriticism: The essential reader (Record no. 396464)

MARC details
000 -LEADER
fixed length control field 00504 a2200193 4500
005 - DATE & TIME
control field 20260422124750.0
008 - FIXED-LENGTH DATA ELEMENTS--GENERAL INFORMATION
fixed length control field 260422b |||||||| |||| 00| 0 eng d
020 ## - ISBN
International Standard Book Number 9780415508605
Price £ 42.99
040 ## - CATALOGING SOURCE
Original cataloging agency VIVEKANANDA LIBRARY
082 ## - DDC NUMBER
Classification number 809.9336
Book Number H563E
100 ## - MAIN ENTRY--PERSONAL NAME
Personal name Hiltner, Ken, ed.
245 ## - TITLE STATEMENT
Title Ecocriticism: The essential reader
260 ## - PUBLICATION, DISTRIBUTION, ETC. (IMPRINT)
Name of publisher, distributor, etc Routledge
Place of publication, distribution, etc New York
Date of publication, distribution, etc 2015
300 ## - PHYSICAL DESCRIPTION
Pages xvi, 382
650 ## - Subject
Subject English Literature
650 ## - Subject
Subject Literary - Criticism
650 ## - Subject
Subject Ecocriticism
942 ## - ADDED ENTRY ELEMENTS (KOHA)
Koha item type Books
Holdings
Withdrawn status Lost status Source of classification or shelving scheme Damaged status Not for loan Location (home branch) Sublocation or collection (holding branch) Shelving location Date acquired Koha issues (times borrowed) Koha full call number Accession No. Koha date last seen Koha item type
    Dewey Decimal Classification     VIVEKANANDA LIBRARY VIVEKANANDA LIBRARY Vivekananda Library 02/02/2026   809.9336 H563E 444769 02/02/2026 Books
© Designed and Maintained by Vivekananda Library, MDU Rohtak